Score 0/14 Timer 04:00
0 Plays Today
Hint % Correct
University of MichiganAnn Arbor
95.2%
Western Michigan UniversityKalamazoo
92.1%
Wayne State UniversityDetroit
90.5%
Michigan State UniversityEast Lansing
85.7%
Central Michigan UniversityMount Pleasant
76.2%
Eastern Michigan UniversityYpsilanti
76.2%
Northern Michigan UniversityMarquette
66.7%
Hint % Correct
Ferris State UniversityBig Rapids
54%
Lake Superior State UniversitySault Ste Marie
54%
Oakland UniversityRochester Hills
49.2%
Grand Valley State UniversityAllendale
47.6%
Northwood UniversityMidland
41.3%
Siena Heights UniversityAdrian
36.5%
DeVry UniversitySouthfield
17.5%
Remove Ads.
Support Sporcle.
Get the best of Sporcle when you Go Orange. This ad-free experience offers more features, more stats, and more fun while also helping to support Sporcle. Thank you for becoming a member.

You're not logged in!

Compare scores with friends on all Sporcle quizzes.
OR
Log In

Show Comments

Extras

Top Quizzes Today


Score Distribution

Your Account Isn't Verified!

In order to create a playlist on Sporcle, you need to verify the email address you used during registration. Go to your Sporcle Settings to finish the process.

Report this User

Report this user for behavior that violates our Community Guidelines.

Details: